000 00388nam a22001217a 4500
008 230609b xxu||||| |||| 00| 0 eng d
082 _a354.6200
_bGOK
245 _a Public Accounts Committee on the Government of Kenya Accounts for the Year 2001/2002
_cGovernment of Kenya
260 _aKenya
_bGovernment of Kenya
_c2002
300 _a600 p
710 _bGovernment of Kenya
942 _2ddc
_cBK
999 _c950
_d950